[Event "Millionaire Chess Op 2015"]
[Site "Las Vegas USA"]
[Date "2015.10.08"]
[Round "2.49"]
[White "Akobian, Varuzhan"]
[Black "Melekhina, Alisa"]
[Result "1-0"]
[WhiteTitle "GM"]
[BlackTitle "FM"]
[WhiteElo "2634"]
[BlackElo "2191"]
[WhiteFideId "13300580"]
[BlackFideId "2022613"]
[EventDate "2015.10.08"]

1. d4 Nf6 2. c4 c5 3. d5 b5 4. cxb5 a6 5. bxa6 g6 6. Nc3 Bxa6 7. e4 Bxf1 8. Kxf1
d6 9. Nge2 Bg7 10. h3 O-O 11. Kg1 Na6 12. Kh2 Nc7 13. Qc2 Ra6 14. Rd1 Qa8 15.
Rb1 e6 16. dxe6 fxe6 17. Be3 Nd7 18. b4 Rc8 19. b5 Rb6 20. a4 d5 21. a5 Rbb8 22.
b6 Na6 23. exd5 Nb4 24. Qa4 Nf8 25. dxe6 Nxe6 26. Rd7 Kh8 27. Qb5 Rb7 28. Rbd1
Nd4 29. Nxd4 Rxd7 30. Qxd7 Rd8 31. Qxg7+ Kxg7 32. Ne6+ Kf6 33. Nxd8 Qxa5 34. b7
Qc7+ 35. g3 g5 36. Bxg5+ 1-0

[Event "Millionaire Chess Op 2015"]
[Site "Las Vegas USA"]
[Date "2015.10.09"]
[Round "3.1"]
[White "Popilski, Gil"]
[Black "Nakamura, Hikaru"]
[Result "1/2-1/2"]
[WhiteTitle "GM"]
[BlackTitle "GM"]
[WhiteElo "2529"]
[BlackElo "2816"]
[WhiteFideId "2809060"]
[BlackFideId "2016192"]
[EventDate "2015.10.08"]

1. e4 c6 2. d4 d5 3. f3 dxe4 4. fxe4 e5 5. Nf3 Bg4 6. c3 Nd7 7. Bd3 Bd6 8. O-O
Ngf6 9. a4 O-O 10. Nbd2 Re8 11. Nc4 Bc7 12. Qc2 exd4 13. cxd4 Bxf3 14. Rxf3 Nb6
15. e5 Nxc4 16. Qxc4 b5 17. Qc3 Bb6 18. Be3 Nd5 19. Qb3 bxa4 20. Rxa4 Rb8 21.
Qc4 Qd7 22. Bf2 g6 23. Be4 f5 24. Bc2 Kg7 25. Rfa3 a5 26. Kh1 Bc7 27. Qa2 Nb4
28. Qc4 Nd5 29. Qa2 Nb4 30. Qc4 Nd5 1/2-1/2

[Event "Millionaire Chess Op 2015"]
[Site "Las Vegas USA"]
[Date "2015.10.09"]
[Round "3.2"]
[White "Rombaldoni, Axel"]
[Black "So, Wesley"]
[Result "0-1"]
[WhiteTitle "GM"]
[BlackTitle "GM"]
[WhiteElo "2528"]
[BlackElo "2760"]
[WhiteFideId "815837"]
[BlackFideId "5202213"]
[EventDate "2015.10.08"]

1. d4 Nf6 2. Bg5 d5 3. Nd2 c5 4. e3 Nc6 5. dxc5 e5 6. Nb3 Bxc5 7. Nxc5 Qa5+ 8.
c3 Qxc5 9. Bxf6 gxf6 10. Bd3 Rg8 11. Ne2 e4 12. b4 Nxb4 13. cxb4 Qxb4+ 14. Qd2
Qxd2+ 15. Kxd2 exd3 16. Nf4 Be6 17. Rhc1 Kd7 18. Kxd3 Rac8 19. f3 Kd6 20. g4 Rc4
21. Rab1 b5 22. a4 b4 23. Rxc4 dxc4+ 24. Kd4 a5 25. Nxe6 fxe6 26. Kxc4 Rg5 27.
Rd1+ Kc6 28. Rd8 Rc5+ 29. Kd4 e5+ 30. Ke4 Rc4+ 31. Kd3 Rc3+ 32. Ke4 Ra3 33. Rc8+
Kd7 34. Rh8 Rxa4 35. Rxh7+ Kc6 36. Kd3 Ra3+ 37. Kd2 a4 38. h4 Ra2+ 39. Kc1 a3 0-1

[Event "Millionaire Chess Op 2015"]
[Site "Las Vegas USA"]
[Date "2015.10.09"]
[Round "3.3"]
[White "Yu, Yangyi"]
[Black "Arun Prasad, S."]
[Result "1-0"]
[WhiteTitle "GM"]
[BlackTitle "GM"]
[WhiteElo "2721"]
[BlackElo "2520"]
[WhiteFideId "8603820"]
[BlackFideId "5011167"]
[EventDate "2015.10.08"]

1. e4 e6 2. d4 d5 3. Nc3 dxe4 4. Nxe4 Nd7 5. Nf3 Ngf6 6. Bd3 c5 7. O-O Nxe4 8.
Bxe4 Nf6 9. Bg5 cxd4 10. Nxd4 Be7 11. Bf3 O-O 12. c3 e5 13. Nb5 a6 14. Qxd8 Rxd8
15. Nc7 Rb8 16. Rfe1 Rd7 17. Bxf6 gxf6 18. Nd5 b5 19. Rad1 Kf8 20. a3 Bb7 21.
Ne3 Rxd1 22. Rxd1 e4 23. Bg4 Rd8 24. Kf1 Rxd1+ 25. Bxd1 Bc5 26. Ke2 Bc8 27. Bc2
f5 28. f3 Bd6 29. fxe4 fxe4 30. Bxe4 Bxh2 31. Bxh7 Ke7 32. Bf5 Bb7 33. Kd3 Kd6
34. Be4 Bc8 35. Bd5 f6 36. Bf3 Bf4 37. c4 Be6 38. cxb5 axb5 39. Nd1 Bc4+ 40. Kc2
Kc5 41. Nc3 Be5 42. b3 Bf1 43. b4+ Kd6 44. Ne4+ Kc7 45. Nd2 Bc4 46. Nxc4 bxc4
47. Be2 c3 48. Bd3 Kb6 49. Kb3 1-0

[Event "Millionaire Chess Op 2015"]
[Site "Las Vegas USA"]
[Date "2015.10.09"]
[Round "3.4"]
[White "Le, Quang Liem"]
[Black "Stopa, Jacek"]
[Result "1-0"]
[WhiteTitle "GM"]
[BlackTitle "GM"]
[WhiteElo "2697"]
[BlackElo "2469"]
[WhiteFideId "12401137"]
[BlackFideId "1119591"]
[EventDate "2015.10.08"]

1. d4 d5 2. Nf3 Nf6 3. c4 e6 4. Nc3 c5 5. cxd5 cxd4 6. Qxd4 exd5 7. e4 Nc6 8.
Bb5 dxe4 9. Qxd8+ Kxd8 10. Ng5 Ke7 11. O-O h6 12. Ngxe4 Nxe4 13. Nxe4 f5 14. Ng3
Be6 15. b3 Kf7 16. Bb2 Rd8 17. Rfc1 Bd6 18. Bxc6 bxc6 19. Rxc6 Rhe8 20. Nh5 g6
21. Ng7 Bd5 22. Rxd6 Rxd6 23. Nxe8 Kxe8 24. Rd1 Rd7 25. Bg7 h5 26. Bh6 Be4 27.
Re1 Kf7 28. h4 Re7 29. Rc1 Re6 30. f3 Bc6 31. Kf2 a6 32. Bg5 Ke8 33. Rd1 Bd7 34.
Rd5 Rc6 35. Kg3 Rc2 36. Re5+ Kf8 37. a4 Rb2 38. Ra5 Bc8 39. Rc5 Bb7 40. Rc3 Bd5
41. Rc8+ Kf7 42. Rc7+ Ke8 43. Re7+ Kf8 44. Ra7 Bxb3 45. Rxa6 Ra2 46. Rxg6 Bxa4
47. Rf6+ Kg7 48. Rxf5 Bc2 49. Rd5 Bb3 50. Rd7+ Kg6 51. Rd6+ Kg7 52. Bd2 Ra4 53.
Rb6 Bf7 54. Bb4 Ra2 55. Bc3+ Kh7 56. Rb7 Kg8 57. Rb5 Kh7 58. Rg5 Bg6 59. Bd4 Ra4
60. Rd5 Bf7 61. Rd7 Kg6 62. Rd6+ Kh7 63. Kf4 Ra5 64. Be5 Rb5 65. Rd7 Kg6 66. g4
Rb4+ 67. Bd4 Rb5 68. Rd6+ Kh7 69. g5 Rd5 70. Rh6+ 1-0

[Event "Millionaire Chess Op 2015"]
[Site "Las Vegas USA"]
[Date "2015.10.09"]
[Round "3.6"]
[White "Robson, Ray"]
[Black "Fishbein, Alexander"]
[Result "1-0"]
[WhiteTitle "GM"]
[BlackTitle "GM"]
[WhiteElo "2680"]
[BlackElo "2489"]
[WhiteFideId "2023970"]
[BlackFideId "2000377"]
[EventDate "2015.10.08"]

1. e4 e5 2. Nf3 Nc6 3. Bb5 a6 4. Ba4 Nf6 5. O-O Nxe4 6. d4 b5 7. Bb3 d5 8. dxe5
Be6 9. Qe2 Be7 10. Rd1 O-O 11. c4 bxc4 12. Bxc4 Bc5 13. Be3 Bxe3 14. Qxe3 Qb8
15. Bb3 Qb6 16. Qe2 Ne7 17. Nc3 Nxc3 18. bxc3 c6 19. Nd4 c5 20. Nxe6 Qxe6 21. c4
d4 22. Re1 Rab8 23. Bc2 Rb4 24. Bd3 Rfb8 25. Qe4 g6 26. Qf4 Rb2 27. h3 a5 28.
Re4 Kg7 29. Rae1 Rxa2 30. Qf6+ Kg8 31. Qg5 Qf5 32. Qh4 g5 33. Rg4 Qxd3 34. Qxg5+
Ng6 35. e6 fxe6 36. Rxe6 Rf8 37. Qh6 Qb1+ 38. Kh2 Qb8+ 39. f4 Rxg2+ 40. Kxg2
Qb2+ 41. Kh1 1-0

[Event "Millionaire Chess Op 2015"]
[Site "Las Vegas USA"]
[Date "2015.10.09"]
[Round "3.7"]
[White "Berczes, David"]
[Black "McShane, Luke J"]
[Result "1/2-1/2"]
[WhiteTitle "GM"]
[BlackTitle "GM"]
[WhiteElo "2495"]
[BlackElo "2674"]
[WhiteFideId "722960"]
[BlackFideId "404853"]
[EventDate "2015.10.08"]

1. d4 Nf6 2. c4 c6 3. Nc3 d5 4. cxd5 cxd5 5. Bf4 Nc6 6. e3 a6 7. Be2 Bf5 8. Nf3
e6 9. Qb3 Ra7 10. O-O Be7 11. h3 O-O 12. Rfc1 Nd7 13. Na4 Bg6 14. Qd1 f6 15. a3
Re8 16. Bg3 Bf8 17. b4 Ra8 18. Qd2 Rc8 19. Nc5 Nxc5 20. dxc5 e5 21. Rd1 Bf7 22.
Qc2 Qe7 23. e4 d4 24. Bc4 Na7 25. Nd2 Nb5 26. Qd3 Nc3 27. Rdc1 Qc7 28. Bxf7+
Qxf7 29. f3 Qe6 30. Nc4 Na4 31. Be1 b5 32. cxb6 Nxb6 33. Na5 Na4 34. Rc2 Rxc2
35. Qxc2 Nb6 36. Qd3 Na8 37. Rc1 Rc8 38. Rxc8 Qxc8 39. Qb3+ Kh8 40. Qc4 Nb6 41.
Qxc8 Nxc8 42. Nc4 Kg8 43. Kf1 Kf7 44. Ke2 Ke6 45. Kd3 g6 46. Bd2 h5 47. f4 Be7
48. fxe5 fxe5 1/2-1/2

[Event "Millionaire Chess Op 2015"]
[Site "Las Vegas USA"]
[Date "2015.10.09"]
[Round "3.8"]
[White "Bareev, Evgeny"]
[Black "Drozdowski, Kacper"]
[Result "1-0"]
[WhiteTitle "GM"]
[BlackTitle "IM"]
[WhiteElo "2669"]
[BlackElo "2479"]
[WhiteFideId "4100140"]
[BlackFideId "1136720"]
[EventDate "2015.10.08"]

1. Nf3 d5 2. g3 g6 3. Bg2 Bg7 4. d4 c5 5. dxc5 Na6 6. c4 Qa5+ 7. Nc3 Nf6 8. Nd2
dxc4 9. c6 b5 10. a4 Nc7 11. b4 cxb3 12. Bb2 Be6 13. axb5 Qb6 14. Nxb3 Nxb5 15.
Na4 Qc7 16. Qd3 Nd6 17. Be5 Nh5 18. Bxg7 Nxg7 19. Nd4 Bc4 20. Qc3 O-O 21. Nb2
Bb5 22. O-O Ngf5 23. Nxb5 Nxb5 24. Qd3 Rab8 25. e3 Rfd8 26. Qc4 Nbd6 27. Qc2 e6
28. Nd3 Ne7 29. Nc5 Rb5 30. Rfc1 Nd5 31. Qa4 a5 32. Bf1 Rb6 33. Nd7 Rb2 34. Qa3
Rd2 35. Bg2 Nb4 36. Qc3 Rd3 37. Nf6+ Kh8 38. Qb2 e5 39. Qxe5 Ne8 40. Nd7+ Kg8
41. Nf6+ Kh8 42. Nd7+ f6 43. Qe7 Ng7 44. Qxf6 Rd6 45. Qg5 Nf5 46. Be4 Nd3 47.
Bxd3 Rxd3 48. Nc5 R3d5 49. Ne6 1-0

[Event "Millionaire Chess Op 2015"]
[Site "Las Vegas USA"]
[Date "2015.10.09"]
[Round "3.9"]
[White "Durarbayli, Vasif"]
[Black "Aldama Degurnay, Dionisio"]
[Result "1-0"]
[WhiteTitle "GM"]
[BlackTitle "IM"]
[WhiteElo "2618"]
[BlackElo "2386"]
[WhiteFideId "13402935"]
[BlackFideId "3500268"]
[EventDate "2015.10.08"]

1. e4 c5 2. Nf3 e6 3. d4 cxd4 4. Nxd4 a6 5. c4 Nf6 6. Nc3 Qc7 7. Be2 Nc6 8. O-O
Bb4 9. Bg5 Bxc3 10. Bxf6 gxf6 11. bxc3 d6 12. Qd2 Bd7 13. Rad1 Ke7 14. Nb3 b6
15. Qh6 Rag8 16. Rd2 Ne5 17. Rfd1 Bc6 18. f3 Ba4 19. Qe3 Rd8 20. f4 Ng6 21. Qf2
Rhg8 22. Rf1 Bd7 23. Kh1 Qc6 24. Bd3 Kf8 25. Bc2 Bc8 26. c5 bxc5 27. f5 exf5 28.
exf5 Ne5 29. Nxc5 Kg7 30. Ne4 d5 31. Rfd1 Kh8 32. Qh4 Ng4 33. h3 Rde8 34. Rxd5
Rxe4 35. Bxe4 Ne3 36. Rd8 Qxc3 37. Rxg8+ Kxg8 38. Qg3+ Kf8 39. Rd8+ 1-0

[Event "Millionaire Chess Op 2015"]
[Site "Las Vegas USA"]
[Date "2015.10.09"]
[Round "3.10"]
[White "Boros, Denes"]
[Black "Azarov, Sergei"]
[Result "1/2-1/2"]
[WhiteTitle "GM"]
[BlackTitle "GM"]
[WhiteElo "2465"]
[BlackElo "2580"]
[WhiteFideId "722340"]
[BlackFideId "13501470"]
[EventDate "2015.10.08"]

1. c4 Nf6 2. Nf3 b6 3. Nc3 Bb7 4. d4 e6 5. Qc2 Bb4 6. a3 Be4 7. Qd2 Bxc3 8. Qxc3
O-O 9. Bg5 h6 10. Bh4 d6 11. Nd2 Bh7 12. e3 Nbd7 13. Be2 Rc8 14. Bg3 Qe7 15. b4
c5 16. O-O e5 17. Rfe1 Rfe8 18. Qb2 exd4 19. exd4 Nh5 20. Nf1 Nxg3 21. Nxg3 Qh4
22. Rad1 Nf6 23. h3 Bg6 24. dxc5 dxc5 25. Qc3 Qf4 26. Bf1 h5 27. Rxe8+ Rxe8 28.
bxc5 bxc5 29. Ne2 Qg5 30. Qa5 Ne4 31. Qb5 Qe5 32. Rd5 Qe7 33. Qd7 Qxd7 34. Rxd7
a6 35. Nf4 Bf5 36. Rd5 g6 37. Nxh5 Rb8 38. Nf4 Rb1 39. g4 g5 40. Rd8+ Kh7 41.
Nd5 Bg6 42. Ne7 Rb2 43. Nxg6 fxg6 44. Rd7+ Kh6 45. Ra7 Rxf2 46. Bd3 Rf4 47. Rxa6
Kg7 48. Rc6 Nf6 49. a4 Rf3 50. Bf1 Ra3 51. Rc7+ Kh6 52. Rc6 Ne4 53. Bg2 Nc3 54.
Rxc5 Ne2+ 55. Kf1 Nf4 56. Re5 Rxa4 57. Bd5 Ra5 58. Re3 1/2-1/2

[Event "Millionaire Chess Op 2015"]
[Site "Las Vegas USA"]
[Date "2015.10.09"]
[Round "3.11"]
[White "Yang, Kaiqi"]
[Black "Ramirez, Alejandro"]
[Result "1/2-1/2"]
[WhiteTitle "IM"]
[BlackTitle "GM"]
[WhiteElo "2355"]
[BlackElo "2586"]
[WhiteFideId "8604398"]
[BlackFideId "6500617"]
[EventDate "2015.10.08"]

1. e4 c5 2. Nf3 e6 3. d4 cxd4 4. Nxd4 Nc6 5. Nc3 Qc7 6. Be3 a6 7. Qd2 Nf6 8.
O-O-O Bb4 9. f3 Ne5 10. Nb3 b5 11. Qe1 Be7 12. f4 Ng6 13. e5 Ng4 14. Ne4 Nxe3
15. Qxe3 O-O 16. h4 Bb7 17. Nec5 Bd5 18. h5 Nh4 19. Bd3 Nxg2 20. Qf2 f5 21. Rhg1
Rfc8 22. Ne4 Nxf4 23. Qxf4 fxe4 24. Bxe4 Bxe4 25. Qxe4 Bf8 26. h6 g6 27. Rxg6+
hxg6 28. Qxg6+ Kh8 29. Qf6+ Kh7 30. Qf7+ Kh8 31. Qf6+ 1/2-1/2

[Event "Millionaire Chess Op 2015"]
[Site "Las Vegas USA"]
[Date "2015.10.09"]
[Round "3.12"]
[White "Ortiz Suarez, Isan Reynaldo"]
[Black "Luukkonen, Tommi"]
[Result "1-0"]
[WhiteTitle "GM"]
[BlackTitle "FM"]
[WhiteElo "2581"]
[BlackElo "2326"]
[WhiteFideId "3507165"]
[BlackFideId "501808"]
[EventDate "2015.10.08"]

1. e4 Nc6 2. Nf3 d6 3. d4 Nf6 4. Nc3 Bg4 5. d5 Ne5 6. Nxe5 Bxd1 7. Bb5+ c6 8.
dxc6 dxe5 9. c7+ Qd7 10. Bxd7+ Kxd7 11. Kxd1 Kxc7 12. f3 e6 13. Be3 Bb4 14. Nb1
Nd7 15. Ke2 f5 16. Nd2 Kc6 17. Rhd1 Rad8 18. Nc4 b5 19. Rxd7 bxc4 20. Rxa7 f4
21. a3 fxe3 22. axb4 Rd2+ 23. Kxe3 Rxc2 24. R1a6+ Kb5 25. Rxe6 Rxg2 26. Rxe5+
Kb6 27. Ree7 Rxb2 28. Rab7+ Ka6 29. Rxg7 Rxh2 30. Ra7+ Kb5 31. Rgb7+ Kc6 32.
Rc7+ Kb6 33. Rab7+ Ka6 34. b5+ Ka5 35. Rxc4 h5 36. Rc1 h4 37. Ra1+ Kb4 38. Rb1+
Kc5 39. b6 h3 40. Rc7+ Kd6 41. e5+ 1-0

[Event "Millionaire Chess Op 2015"]
[Site "Las Vegas USA"]
[Date "2015.10.09"]
[Round "3.13"]
[White "Kaidanov, Gregory S"]
[Black "Sturt, Raven M"]
[Result "1/2-1/2"]
[WhiteTitle "GM"]
[WhiteElo "2561"]
[BlackElo "2368"]
[WhiteFideId "2008564"]
[BlackFideId "2007304"]
[EventDate "2015.10.08"]

1. Nf3 c5 2. e4 Nc6 3. Bb5 g6 4. Bxc6 dxc6 5. d3 Bg7 6. h3 Nf6 7. Nc3 Nd7 8. Be3
Qb6 9. Rb1 Nf8 10. O-O Ne6 11. Na4 Qa5 12. Nxc5 Nxc5 13. b4 Qxa2 14. bxc5 O-O
15. Qd2 Rd8 16. d4 e5 17. Qc3 exd4 18. Bxd4 Bf8 19. Rb3 Be6 20. Rxb7 Qc4 21.
Qxc4 Bxc4 22. Ra1 a5 23. c3 Bd3 24. Ng5 Bc4 25. Ra4 Bb5 26. Ra3 Bc4 27. Nf3 Bd3
28. Ne5 Bxe4 29. Ng4 Bg7 30. Bxg7 Kxg7 31. Ne5 Bd5 32. c4 Be6 33. Nxc6 Rd1+ 34.
Kh2 Rc8 35. Nxa5 Rxc5 36. Re3 Rd6 37. Ra7 Rc8 38. Rf3 Rb6 39. h4 Rc5 40. Kg3 Rb4
41. Rf4 1/2-1/2

[Event "Millionaire Chess Op 2015"]
[Site "Las Vegas USA"]
[Date "2015.10.09"]
[Round "3.14"]
[White "Mandizha, Farai"]
[Black "Ivanov, Alexander"]
[Result "1/2-1/2"]
[WhiteTitle "IM"]
[BlackTitle "GM"]
[WhiteElo "2337"]
[BlackElo "2531"]
[WhiteFideId "11000430"]
[BlackFideId "2000202"]
[EventDate "2015.10.08"]

1. Nf3 d6 2. d4 Bg4 3. c4 Nd7 4. Qb3 Rb8 5. h3 Bh5 6. Bf4 c6 7. g4 Bg6 8. Nc3
Qa5 9. Bg2 e5 10. Bg3 h5 11. O-O-O hxg4 12. Nh4 exd4 13. Nxg6 Qg5+ 14. e3 Qxg6
15. Rxd4 Ngf6 16. hxg4 Rxh1+ 17. Bxh1 Be7 18. Ne4 Qh6 19. Bg2 Nxe4 20. Bxe4 Kf8
21. Qd1 Nc5 22. Rxd6 g6 23. Qd4 Nxe4 24. Qxe4 Re8 25. Rd7 Bb4 26. Qf3 Re7 27.
Rxe7 Bxe7 28. Qd1 Qh3 29. Kc2 Qg2 30. Qd7 Qe4+ 31. Kb3 b5 32. cxb5 cxb5 33. Qxb5
Qxg4 34. Qb8+ Kg7 35. Qxa7 Qe6+ 36. Kc2 Qc4+ 37. Kb1 Qd3+ 38. Kc1 Qf1+ 39. Kc2
Qc4+ 40. Kb1 1/2-1/2

[Event "Millionaire Chess Op 2015"]
[Site "Las Vegas USA"]
[Date "2015.10.09"]
[Round "3.15"]
[White "Flaquer, Luis"]
[Black "Holt, Conrad"]
[Result "0-1"]
[WhiteTitle "FM"]
[BlackTitle "GM"]
[WhiteElo "2255"]
[BlackElo "2522"]
[WhiteFideId "6400485"]
[BlackFideId "2034387"]
[EventDate "2015.10.08"]

1. Nf3 d5 2. c4 c6 3. d4 Nf6 4. Nc3 dxc4 5. a4 Bf5 6. e3 e6 7. Bxc4 Bb4 8. O-O
O-O 9. Qe2 Nbd7 10. e4 Bg4 11. h3 Bxf3 12. Qxf3 Nb6 13. Bb3 Qxd4 14. Rd1 Qc5 15.
a5 Bxa5 16. e5 Bxc3 17. bxc3 Qxe5 18. Rd4 Qe1+ 19. Kh2 Nbd5 20. Bb2 Qe5+ 21. g3
Qh5 22. Qd3 e5 23. Rh4 e4 24. Qd4 Qe2 25. Ra2 Rfd8 26. c4 Nb4 27. Rxa7 Rac8 0-1

[Event "Millionaire Chess Op 2015"]
[Site "Las Vegas USA"]
[Date "2015.10.09"]
[Round "3.16"]
[White "Caruana, Fabiano"]
[Black "Priyadharshan, K."]
[Result "1/2-1/2"]
[WhiteTitle "GM"]
[BlackTitle "IM"]
[WhiteElo "2796"]
[BlackElo "2462"]
[WhiteFideId "2020009"]
[BlackFideId "5018293"]
[EventDate "2015.10.08"]

1. c4 c5 2. g3 Nc6 3. Bg2 g6 4. Nc3 Bg7 5. Nf3 Nf6 6. d4 cxd4 7. Nxd4 O-O 8. O-O
Qa5 9. e3 d6 10. Bd2 Bd7 11. b3 Rac8 12. Rc1 Qb6 13. Qe2 Rfe8 14. Rfd1 a6 15.
Nxc6 Bxc6 16. e4 Qa7 17. Be3 b6 18. Nd5 Nxd5 19. cxd5 Bd7 20. Bf1 Bb5 21. Qd2
Bxf1 22. Rxf1 Qb7 23. Rxc8 Rxc8 24. Rc1 b5 25. Rc2 Kf8 26. Qa5 Ke8 27. Rxc8+
Qxc8 28. Qb6 Bc3 29. h3 f6 30. Kh2 Kd7 31. h4 Qa8 32. a4 bxa4 33. bxa4 Qc8 34.
Qb1 Ba5 35. h5 gxh5 36. Qf1 Kd8 37. Qe2 Bc7 38. Qxh5 Qd7 39. Qd1 Qe8 40. Qc2
Qh5+ 41. Kg2 Qe5 42. Qd3 a5 43. Bd4 Qg5 44. Qe3 Qg4 45. Qd3 h5 46. f3 Qc8 47.
Qb5 f5 48. Qd3 fxe4 49. Qxe4 Qb7 50. Be3 Qb2+ 51. Kh3 Qe2 52. Bh6 Qf1+ 53. Kh4
Qg2 54. Bf4 Qh1+ 55. Kg5 Bb6 56. Kg6 h4 57. g4 Qa1 58. Bg5 h3 59. Qxe7+ Kc8 60.
Bf4 Qxa4 61. Qe6+ Kb7 62. Qf7+ Bc7 63. g5 h2 64. Bxh2 Qc2+ 65. Kg7 Qxh2 66. g6
a4 67. Qd7 Qe5+ 68. Kh7 Qh5+ 69. Kg7 Qe5+ 70. Kh7 Qh5+ 71. Kg7 Qe5+ 1/2-1/2

[Event "Millionaire Chess Op 2015"]
[Site "Las Vegas USA"]
[Date "2015.10.09"]
[Round "4.2"]
[White "Yu, Yangyi"]
[Black "Ortiz Suarez, Isan Reynaldo"]
[Result "1-0"]
[WhiteTitle "GM"]
[BlackTitle "GM"]
[WhiteElo "2721"]
[BlackElo "2581"]
[WhiteFideId "8603820"]
[BlackFideId "3507165"]
[EventDate "2015.10.08"]

1. e4 c5 2. Nf3 d6 3. d4 cxd4 4. Nxd4 Nf6 5. Nc3 a6 6. Be3 e6 7. Be2 Qc7 8. Qd2
b5 9. f3 Be7 10. a3 O-O 11. g4 Nc6 12. g5 Nd7 13. h4 Nxd4 14. Bxd4 Ne5 15. Rg1
Nc6 16. Bf6 Rd8 17. O-O-O Bb7 18. Kb1 Rd7 19. h5 Bf8 20. h6 g6 21. f4 b4 22.
axb4 d5 23. f5 d4 24. fxe6 fxe6 25. Na2 Re8 26. Rgf1 Qb6 27. Bc4 Bc8 28. Qf2 Qb7
29. Bxd4 Nxd4 30. Rxd4 Rf7 31. Qxf7+ Qxf7 32. Rxf7 Kxf7 33. e5 Be7 34. Rg4 Rd8
35. Nc3 Bxb4 36. Ne4 Rd1+ 37. Ka2 Re1 38. Rf4+ Ke7 39. c3 Bb7 40. Nf6 Bc5 41.
Nxh7 1-0

[Event "Millionaire Chess Op 2015"]
[Site "Las Vegas USA"]
[Date "2015.10.09"]
[Round "4.3"]
[White "Holt, Conrad"]
[Black "Le, Quang Liem"]
[Result "0-1"]
[WhiteTitle "GM"]
[BlackTitle "GM"]
[WhiteElo "2522"]
[BlackElo "2697"]
[WhiteFideId "2034387"]
[BlackFideId "12401137"]
[EventDate "2015.10.08"]

1. d4 Nf6 2. c4 e6 3. Nf3 d5 4. Nc3 Be7 5. Bf4 O-O 6. e3 Nbd7 7. Be2 dxc4 8. O-O
c5 9. dxc5 Bxc5 10. Qc2 a6 11. a4 b6 12. Rfd1 Bb7 13. Bxc4 Qe7 14. Qe2 h6 15. h3
Rfc8 16. Rac1 Qe8 17. Ne5 Be7 18. Nxd7 Nxd7 19. Bd3 Nf6 20. Be5 Nd7 21. Bf4 Nc5
22. Bb1 Bf6 23. Qc2 e5 24. Qh7+ Kf8 25. Re1 Qc6 26. e4 exf4 27. Nd5 g6 28. b4
Bg7 29. bxc5 bxc5 30. Ne7 Qf6 31. Nxc8 Rxc8 32. Rcd1 Qe5 33. Ba2 Bc6 34. Bd5
Bxa4 35. Ra1 Bb5 36. Bb7 Rb8 37. Bd5 Ke7 38. Bc6 Bxc6 39. Rxa6 Bd7 40. Rd1 Rh8 0-1

[Event "Millionaire Chess Op 2015"]
[Site "Las Vegas USA"]
[Date "2015.10.09"]
[Round "4.4"]
[White "Jakubiec, Artur"]
[Black "Robson, Ray"]
[Result "1/2-1/2"]
[WhiteTitle "GM"]
[BlackTitle "GM"]
[WhiteElo "2522"]
[BlackElo "2680"]
[WhiteFideId "1103261"]
[BlackFideId "2023970"]
[EventDate "2015.10.08"]

1. c4 Nf6 2. Nc3 d5 3. e3 g6 4. Nf3 Bg7 5. d4 O-O 6. Be2 c5 7. dxc5 dxc4 8. Qa4
Na6 9. c6 bxc6 10. Qxc4 Qb6 11. Na4 Qb4+ 12. Bd2 Qxc4 13. Bxc4 Ne4 14. Ba5 Nac5
15. Nxc5 Nxc5 16. Nd4 Nb7 17. Bc3 Nd6 18. Bd3 c5 19. Ne2 Rb8 20. O-O-O Be6 21.
Bxg7 Kxg7 22. Nc3 Rb4 23. Rd2 Rfb8 24. Be2 g5 25. Re1 g4 26. Kb1 h5 27. Rc1 h4
28. Ka1 f5 29. f3 Kf6 30. a3 Rb3 1/2-1/2

[Event "Millionaire Chess Op 2015"]
[Site "Las Vegas USA"]
[Date "2015.10.09"]
[Round "4.5"]
[White "Mandizha, Farai"]
[Black "Bareev, Evgeny"]
[Result "0-1"]
[WhiteTitle "IM"]
[BlackTitle "GM"]
[WhiteElo "2337"]
[BlackElo "2669"]
[WhiteFideId "11000430"]
[BlackFideId "4100140"]
[EventDate "2015.10.08"]

1. Nf3 f5 2. g3 Nf6 3. Bg2 g6 4. b4 Bg7 5. Bb2 c6 6. c4 d6 7. d4 a5 8. b5 cxb5
9. cxb5 Nbd7 10. a4 Nb6 11. Nbd2 O-O 12. O-O Kh8 13. Qb3 h6 14. Nh4 Qe8 15. f4
d5 16. Ndf3 Ne4 17. Ne5 Rf6 18. Rfc1 g5 19. Nhf3 gxf4 20. gxf4 Qd8 21. e3 Be6
22. Bf1 Kh7 23. Rc2 Rf8 24. Rg2 Rg8 25. Rc1 Rc8 26. Kh1 Bf6 27. Rxc8 Qxc8 28.
Rxg8 Qxg8 29. Bg2 Nc4 30. Kg1 Qc8 31. Bf1 Qe8 32. Bc1 Qg8+ 33. Bg2 Qc8 34. Nd3
Nb6 35. Nfe5 Bxe5 36. fxe5 f4 37. exf4 Bf5 38. Ba3 Nd2 39. Qa2 Qc3 40. Nf2 Nbc4
41. Bxe7 Qc1+ 42. Nd1 Qxd1+ 43. Kf2 Qg4 44. Bxd5 Qxf4+ 45. Ke2 0-1

[Event "Millionaire Chess Op 2015"]
[Site "Las Vegas USA"]
[Date "2015.10.09"]
[Round "4.6"]
[White "Nakamura, Hikaru"]
[Black "Sevian, Samuel"]
[Result "1-0"]
[WhiteTitle "GM"]
[BlackTitle "GM"]
[WhiteElo "2816"]
[BlackElo "2556"]
[WhiteFideId "2016192"]
[BlackFideId "2040506"]
[EventDate "2015.10.08"]

1. c4 e5 2. g3 Nf6 3. Bg2 d5 4. cxd5 Nxd5 5. Nc3 Nb6 6. Nf3 Nc6 7. O-O Be7 8.
Rb1 O-O 9. b4 e4 10. Nxe4 Bf5 11. Qc2 Bxb4 12. a3 Bd6 13. e3 h6 14. Nh4 Bh7 15.
f4 Be7 16. f5 Ne5 17. Bb2 f6 18. a4 Nec4 19. Bd4 a5 20. Nc5 Bxc5 21. Bxc5 Rf7
22. Bxb6 Nxb6 23. Bxb7 Rb8 24. Bc6 Qd6 25. Rf4 Kh8 26. Rd4 Qa3 27. Qc3 Qxc3 28.
dxc3 Re7 29. Rbd1 Rf7 30. c4 Rff8 31. c5 Nc8 32. Rd7 Na7 33. Bg2 Rbc8 34. Ng6+
Bxg6 35. fxg6 1-0

[Event "Millionaire Chess Op 2015"]
[Site "Las Vegas USA"]
[Date "2015.10.09"]
[Round "4.7"]
[White "McShane, Luke J"]
[Black "Popilski, Gil"]
[Result "1-0"]
[WhiteTitle "GM"]
[BlackTitle "GM"]
[WhiteElo "2674"]
[BlackElo "2529"]
[WhiteFideId "404853"]
[BlackFideId "2809060"]
[EventDate "2015.10.08"]

1. e4 e6 2. d4 d5 3. Nd2 c5 4. Ngf3 cxd4 5. Nxd4 Nf6 6. exd5 Qxd5 7. Nb5 Na6 8.
a3 Be7 9. c4 Qc6 10. Nf3 O-O 11. Be2 Rd8 12. Qc2 Nc5 13. O-O Qe4 14. Qxe4 Nfxe4
15. Be3 Bd7 16. Ne5 a6 17. Nd4 Bf6 18. f4 Ba4 19. Bf3 Ng5 20. Bd1 Bxd1 21. Rfxd1
Nge4 22. Kf1 Na4 23. Rab1 Rac8 24. Ke1 Be7 25. Rdc1 Nxb2 26. Rxb2 Bxa3 27. Rcc2
Bxb2 28. Rxb2 f6 29. Nef3 Rd7 30. Nxe6 Rxc4 31. f5 g6 32. g4 Nd6 33. Nfd4 Rc3
34. Bf4 b5 35. Ra2 gxf5 36. gxf5 Rc4 37. Rxa6 Nxf5 38. Nxf5 h5 39. Nh6+ 1-0